| 000 | 03994nam a2200541 a 4500 | ||
|---|---|---|---|
| 999 |
_c1891 _d1891 |
||
| 003 | AR-BaISA | ||
| 005 | 20251202103644.0 | ||
| 007 | ta | ||
| 008 | 251202s2012 ag ado|f |||| 001 0 spa d | ||
| 020 | _a9789871259700 | ||
| 040 |
_bspa _cAR-BaISA |
||
| 082 | 0 | 4 |
_222 _a618.922 B22 |
| 100 |
_93880 _aBancalari, Eduardo _eaut. |
||
| 245 | 1 | 3 |
_aEl pulmón del recién nacido / _cEduardo Bancalari |
| 260 |
_aBuenos Aires: _bJournal, _c2012 |
||
| 300 |
_aXIV, 506 p.: _bil., graf., fotos. |
||
| 490 | _aPreguntas y controversias en neonatología | ||
| 504 | _aBibliografía al final de cada capítulo | ||
| 505 | _tDESARROLLO PULMONAR: | ||
| 505 |
_rMartin Rutter y Martin Post / _tBases moleculares del desarrollo pulmonar normal y anormal -- |
||
| 505 |
_rJeffery A. Whitsett y Timothy E. Weaver / _tTrastornos hereditarios de la homeostasis alveolar en el recién nacido -- |
||
| 505 |
_rSteven H. Abman, Christopher Baker y Vivek Balasubramaniam / _tCrecimiento y desarrollo de la circulación pulmonar: mecanismos e implicancias clínicas -- |
||
| 505 |
_rAlan H. Jobe / _tAgente tensioactivo: fundamentos de las estrategias terapéuticas clínicas -- |
||
| 505 | _rLESIÓN DEL PULMÓN EN DESARROLLO: | ||
| 505 |
_rJaques Belik / _tSusceptibilidad del pulmón inmaduro a la lesión oxidativa y mecánica -- |
||
| 505 |
_rAlan H. Jobe, SuhasKallapur y Timothy J. M. Moss / _tInflamación e infección: efectos sobre el pulmón fetal y neonatal -- |
||
| 505 |
_rRichard D. Bland, David P. Carlton y Lucky Jain / _tBalance del líquido pulmonar durante el desarrollo y en la enfermedad pulmonar neonatal -- |
||
| 505 |
_rChristian P. Speer / _tRol de la inflamación en la patogenia de la enfermedad pulmonar neonatal aguda y crónica -- |
||
| 505 |
_rIlene R. S. Sosenko y Eduardo Bancalari / _tNuevos avances en la presentación, la patogenia, la epidemiología y la prevención de la displasia broncopulmonar -- |
||
| 505 |
_rHenry L. Halliday y Conor P. O´Neill / _t¿Qué evidencias avalan la farmacoterapia para la prevención y el manejo de la displasia broncopulmonar? -- |
||
| 505 |
_rMichele C. Walsh / _tDefiniciones y factores predictivos de la displasia broncopulmonar -- |
||
| 505 |
_rJudy L. Aschner y Candice D. Fike / _tImpacto de la lesión pulmonar perinatal en un período posterior de la vida -- |
||
| 505 | _tMANEJO DE LA INSUFICIENCIA RESPIRATORIA: | ||
| 505 |
_rPeter W. Fowlie y Hannah Shore / _tControversia entre la administración de oxígeno o aire ambiente para la reanimación neonatal -- |
||
| 505 |
_rWin Tin y Colin J. Morey / _tNiveles óptimos de oxigenación en recién nacidos pretérmino: impacto en el corto y en el largo plazo -- |
||
| 505 |
_rPeter G. Davis y Colin J. Morley / _tSoporte respiratorio no invasivo: alternativa a la ventilación mecánica en los recién nacidos pretérmino -- |
||
| 505 |
_rUlrich H. Thome y Waldemar A. Carlo / _tVentilación mecánica de alta frecuencia en la insuficiencia respiratoria neonatal -- |
||
| 505 |
_rNelson Claure y Eduardo Bancalari / _tNuevos métodos de ventilación mecánica neonatal -- |
||
| 505 |
_rTilo Gerhardt, Nelson Claure y Eduardo Bancalari / _tPapel de la evaluación de la función pulmonar en el manejo del recién nacido conectado a ventilación mecánica -- |
||
| 505 | _tCONTROL RESPIRATORIO Y APNEA DELA PREMATUREZ | ||
| 505 |
_rOded Mesner, Juliann M. Di Fiore y Richard J. Martin / _tControl respiratorio en el recién nacido y apnea de la prematurez -- |
||
| 505 |
_rDirk Bassler y Barbara Schmidt / _tEstrategias para la prevención de los episodios de apnea en los recién nacidos pretérmino: ¿están exentos de riesgo los estimulantes respiratorios? |
||
| 650 | 1 | 4 |
_958 _aSistema respiratorio _venfermedades _xpediatría |
| 650 | 1 | 4 |
_93881 _aLesión pulmonar _vrecién nacido |
| 650 | 1 | 4 |
_93882 _aRecién nacido prematuro |
| 830 |
_93883 _aPreguntas y controversias en neonatología |
||
| 942 |
_2ddc _cLI _e22 |
||